000 00379nam a2200133 a 4500
001 000038918
005 20201002031423.0
008 130506s1938 ag 000 0 spa d
040 _aDO-SdBNP
_bspa
_cBNPHU
100 1 _aPittaluga, Gustavo
_b1876-1956
_965183
245 1 0 _aLa sangre /
_cGustavo Pittaluga.
260 _aBuenos Aires :
_bHachette,
_c1938.
300 _a214 p. ;
_c20 cm.
999 _c38408
_d38408